000
00342nam a2200145Ia 4500
008
180207s9999 xx 000 0 und d
020
_a
9782894295045
050
_b
Z35 1995
100
_a
Zapp.
245
_a
Rapunzel /
260
_b
Tormont Publications, Inc.,
260
_c
1995
300
_a
unpaged :
300
_b
color illustration ;
999
_c
355311
_d
355311